<?xml version="1.0" encoding="UTF-8"?>
<record
    xmlns:xsi="http://www.w3.org/2001/XMLSchema-instance"
    xsi:schemaLocation="http://www.loc.gov/MARC21/slim http://www.loc.gov/standards/marcxml/schema/MARC21slim.xsd"
    xmlns="http://www.loc.gov/MARC21/slim">

  <leader>00399nam a22001457a 4500</leader>
  <datafield tag="999" ind1=" " ind2=" ">
    <subfield code="c">522776</subfield>
    <subfield code="d">522776</subfield>
  </datafield>
  <controlfield tag="005">20190121104626.0</controlfield>
  <controlfield tag="008">190121b           ||||| |||| 00| 0 eng d</controlfield>
  <datafield tag="040" ind1=" " ind2=" ">
    <subfield code="c">DLC</subfield>
  </datafield>
  <datafield tag="082" ind1=" " ind2=" ">
    <subfield code="a">624.15136</subfield>
    <subfield code="b">RAM</subfield>
  </datafield>
  <datafield tag="100" ind1=" " ind2=" ">
    <subfield code="a">Ramamurthy, T.N.</subfield>
    <subfield code="9">13078</subfield>
  </datafield>
  <datafield tag="245" ind1=" " ind2=" ">
    <subfield code="a">Geotechnical Engineering /</subfield>
    <subfield code="c">T.N. Ramamurthy</subfield>
  </datafield>
  <datafield tag="260" ind1=" " ind2=" ">
    <subfield code="a">New Delhi. ;</subfield>
    <subfield code="b">S. Chand and Comp</subfield>
    <subfield code="c">2005</subfield>
  </datafield>
  <datafield tag="300" ind1=" " ind2=" ">
    <subfield code="a">289p. :</subfield>
    <subfield code="c">25cm.</subfield>
  </datafield>
  <datafield tag="942" ind1=" " ind2=" ">
    <subfield code="2">ddc</subfield>
    <subfield code="c">BK</subfield>
  </datafield>
  <datafield tag="952" ind1=" " ind2=" ">
    <subfield code="0">0</subfield>
    <subfield code="1">0</subfield>
    <subfield code="2">ddc</subfield>
    <subfield code="4">0</subfield>
    <subfield code="7">0</subfield>
    <subfield code="a">CL</subfield>
    <subfield code="b">CL</subfield>
    <subfield code="d">2019-01-21</subfield>
    <subfield code="l">2</subfield>
    <subfield code="o">624.15136 RAM</subfield>
    <subfield code="p">NIT-3758</subfield>
    <subfield code="r">2025-01-09</subfield>
    <subfield code="s">2025-01-08</subfield>
    <subfield code="w">2019-01-21</subfield>
    <subfield code="y">BK</subfield>
  </datafield>
</record>
